01012nam a2200241Ia 4500001000700000003000500007005001700012008004100029010001100070040000900081100003900090245014900129260003300278300001000311502018600321650002800507650001900535650003200554700004800586700003600634700004300670856005700713Z_6934CHAP20230227151544.0220113s2016 xx 000 0 und d a168965 cCHAP aLópez Villalobos, José Alfredo aPublicaciones sobre mejoramiento genético animal en México en revistas científicas de otros países /cJosé Alfredo López Villalobos aMéxico :bEl autor,c2016 a38 p. aTesis (Ingeniero Agrónomo Especialista en Zootecnia) -- UACh, 2016 \ Dirección: Rodolfo Ramírez Valverde; asesoría: Rufino López Ordaz y José Guadalupe García Muñiz aArtículo científico aCiencia animal aInvestigación en México a García Muñiz, José Guadalupe, asesor a López Ordaz, Rufino, asesor  aRamírez Valverde, Rodolfo, director 42uhttp://10.13.5.2/tesis/sist113149.pdfyDescargar PDF